LEADER 01387nam--2200409---450- 001 990000787720203316 005 20090226171525.0 010 $a88-464-3209-6 035 $a0078772 035 $aUSA010078772 035 $a(ALEPH)000078772USA01 035 $a0078772 100 $a20011205d2001----km-y0itay0103----ba 101 $aita 102 $aIT 105 $a||||||||001yy 200 1 $a<> analisi dei fabbisogni formativi e professionali del settore turismo$ele regioni del Mezzogiorno$fa cura di Stefano Poeta e Mara Del Duca 210 $aMilano$cF.Angeli$dcopyr.2001 215 $a231 p.$d23 cm 225 2 $aEconomia$hSez.5$v163 300 $aIn testa al front.: Ente bilaterale nazionale turismo 410 0$12001$aEconomia 606 0 $aAziende turistiche$xPersonale$xIstruzione professionale 676 $a338.47910712 702 1$aPOETA,$bStefano 702 1$aDEL DUCA,$bMara 912 $a990000787720203316 951 $a338.479 ANA 2 (IEP V 241)$b10069 E.C.$cIEP V$d00079469 959 $aBK 969 $aECO 979 $aPAOLA$b90$c20011205$lUSA01$h1026 979 $aPAOLA$b90$c20011205$lUSA01$h1029 979 $c20020403$lUSA01$h1725 979 $aPATRY$b90$c20040406$lUSA01$h1654 979 $aRSIAV4$b90$c20090226$lUSA01$h1715 996 $aAnalisi dei fabbisogni formativi e professionali del settore turismo$9705345 997 $aUNISA LEADER 00934nam a22002533i 4500 001 991003622979707536 005 20040518095159.0 008 040802s1979 it |||||||||||||||||ita 035 $ab13101997-39ule_inst 035 $aARCHE-105460$9ExL 040 $aBiblioteca Interfacoltà$bita$cA.t.i. Arché s.c.r.l. Pandora Sicilia s.r.l. 082 04$a853.9 100 1 $aBuzzati, Dino$0131411 245 13$aLe notti difficili /$cDino Buzzati ; introduzione di Domenico Porzio 260 $aMilano :$bMondadori,$c1979 300 $aXIII, 328 p. ;$c19 cm 440 0$aOscar narrativa 700 1 $aPorzio, Domenico 907 $a.b13101997$b02-04-14$c05-08-04 912 $a991003622979707536 945 $aLE002 Fondo Giudici L 1340$g1$i2002000337740$lle002$nC. 1$o-$pE0.00$q-$rn$so $t0$u0$v0$w0$x0$y.i13736267$z05-08-04 996 $aNotti difficili$9215548 997 $aUNISALENTO 998 $ale002$b05-08-04$cm$da $e-$fita$git $h3$i1